[Event "Oberliga Wuerttemberg 1718"]
[Site "Wuerttemberg"]
[Date "2018.02.18"]
[Round "7"]
[White "Ruf, Matthias"]
[Black "Fischer, Andre"]
[Result "1/2-1/2"]
[WhiteElo "2340"]
[BlackElo "2281"]
[PlyCount "72"]
[EventDate "2017.09.17"]
[EventType "team-tourn"]
[EventRounds "9"]
[EventCountry "GER"]
[SourceTitle "EXT 2019"]
[Source "ChessBase"]
[SourceDate "2018.10.10"]
[SourceVersion "1"]
[SourceVersionDate "2018.10.10"]
[SourceQuality "1"]
[WhiteTeam "Stuttgart Wolfbusch"]
[BlackTeam "Biberach"]
[WhiteTeamCountry "GER"]
[BlackTeamCountry "GER"]

1. g3 c5 2. Bg2 d5 3. c4 d4 4. Nf3 Nc6 5. d3 e5 6. 0-0 Nf6 7. a3 Nd7 8. e3 a5 9. Re1 Be7 10. b3 0-0 11. Bb2 Ra6 12. Nbd2 f5 13. Qc2 Nf6 14. exd4 exd4 15. Re2 f4 16. Rae1 fxg3 17. fxg3 Ng4 18. Nf1 Bd6 19. Bc1 h6 20. h3 Nf6 21. g4 Qc7 22. Kh1 Ra8 23. Bd2 Bd7 24. Rb1 Rae8 25. Be1 Rxe2 26. Qxe2 Re8 27. Qd1 Bc8 28. Rb2 Qe7 29. Bf2 Qc7 30. Ng1 Bf4 31. Ne2 Bd6 32. b4 axb4 33. axb4 Nxb4 34. Be1 Nc6 35. Qb1 Kh8 36. Bf2 Qd7 1/2-1/2

[Event "Oberliga Wuerttemberg 1718"]
[Site "Wuerttemberg"]
[Date "2017.12.10"]
[Round "5"]
[White "Ruf, Matthias"]
[Black "Kabisch, Thilo"]
[Result "1/2-1/2"]
[WhiteElo "2340"]
[BlackElo "2315"]
[PlyCount "102"]
[EventDate "2017.09.17"]
[EventType "team-tourn"]
[EventRounds "9"]
[EventCountry "GER"]
[SourceTitle "EXT 2019"]
[Source "ChessBase"]
[SourceDate "2018.10.10"]
[SourceVersion "1"]
[SourceVersionDate "2018.10.10"]
[SourceQuality "1"]
[WhiteTeam "Stuttgart Wolfbusch"]
[BlackTeam "Schmiden Cannstatt"]
[WhiteTeamCountry "GER"]
[BlackTeamCountry "GER"]

1. d4 Nf6 2. Nf3 d6 3. g3 g6 4. Bg2 Bg7 5. c4 0-0 6. Nc3 c5 7. 0-0 Nc6 8. d5 Na5 9. Nd2 e5 10. a3 b6 11. b4 Nb7 12. Rb1 Bd7 13. Bb2 Ne8 14. e3 f5 15. Ne2 Nf6 16. Re1 Qe7 17. Nf1 h5 18. f4 e4 19. h4 Rfc8 20. Qb3 a6 21. Nd2 b5 22. Nc3 Rc7 23. Bf1 cxb4 24. axb4 bxc4 25. Nxc4 Rb8 26. Qa3 Bb5 27. Nd2 Nd8 28. Bxb5 axb5 29. Rbd1 Nf7 30. Nb3 Ra7 31. Na5 Ng4 32. Rd2 Nfh6 33. Ne2 Bxb2 34. Rxb2 Qf7 35. Qb3 Rba8 36. Nd4 Nf6 37. Nxb5 Ra6 38. Nc6 Nhg4 39. Nxd6 Qc7 40. Nb5 Qb6 41. d6+ Kg7 42. Nbd4 Ra3 43. Qe6 Rxe3 44. Rxe3 Ra1+ 45. Kg2 Nxe3+ 46. Kh3 Qa6 47. Qe7+ Kh6 48. Qf8+ Kh7 49. Qf7+ Kh6 50. Qf8+ Kh7 51. Qf7+ Kh6 1/2-1/2

[Event "Oberliga Wuerttemberg 1718"]
[Site "Wuerttemberg"]
[Date "2017.09.17"]
[Round "1.2"]
[White "Ruf, Matthias"]
[Black "Fleischer, Frank"]
[Result "1-0"]
[WhiteElo "2340"]
[BlackElo "2215"]
[PlyCount "71"]
[EventDate "2017.09.17"]
[EventType "team-tourn"]
[EventRounds "9"]
[EventCountry "GER"]
[SourceTitle "EXT 2019"]
[Source "ChessBase"]
[SourceDate "2018.10.10"]
[SourceVersion "1"]
[SourceVersionDate "2018.10.10"]
[SourceQuality "1"]
[WhiteTeam "Stuttgart Wolfbusch"]
[BlackTeam "Ulm Weisse Dame"]
[WhiteTeamCountry "GER"]
[BlackTeamCountry "GER"]

1. b3 d6 2. Bb2 f5 3. g3 Nf6 4. Bg2 e6 5. c4 Be7 6. e3 0-0 7. Nc3 c6 8. Nge2 Qc7 9. 0-0 Kh8 10. a3 a6 11. Qc2 e5 12. Rac1 Be6 13. d4 e4 14. d5 cxd5 15. Nf4 Bg8 16. cxd5 Nbd7 17. Qd1 Qd8 18. Bh3 g6 19. g4 fxg4 20. Bxg4 Ne5 21. Bh3 g5 22. Nfe2 Nd3 23. Rc2 Nxb2 24. Rxb2 Qb6 25. b4 Rac8 26. Bxc8 Rxc8 27. Rc2 Rc4 28. Qa1 Kg7 29. Ng3 Kg6 30. Rcc1 Qd8 31. Qb1 Qd7 32. Ncxe4 Rxe4 33. f3 Nxd5 34. Qxe4+ Kg7 35. Nf5+ Kf8 36. Rfd1 1-0

[Event "Bodensee-Cup"]
[Site "Kreuzlingen"]
[Date "2017.05.07"]
[Round "3.4"]
[White "Ruf, Matthias"]
[Black "Nuri, Kambez"]
[Result "1-0"]
[WhiteElo "2350"]
[BlackElo "2263"]
[PlyCount "81"]
[EventDate "2017.05.05"]
[EventType "team-swiss"]
[EventRounds "3"]
[EventCountry "SUI"]
[SourceTitle "EXT 2020"]
[Source "ChessBase"]
[SourceDate "2019.10.17"]
[SourceVersion "1"]
[SourceVersionDate "2019.10.17"]
[SourceQuality "1"]
[WhiteTeam "Wuerttemberg II"]
[BlackTeam "Schweiz"]
[WhiteTeamCountry "GER"]
[BlackTeamCountry "SUI"]

1. c4 Nf6 2. g3 g6 3. Bg2 Bg7 4. d4 0-0 5. Nc3 d6 6. Nf3 Nbd7 7. 0-0 e5 8. e4 c6 9. h3 exd4 10. Nxd4 Nc5 11. Be3 Re8 12. Qc2 Qe7 13. Rfe1 a5 14. Rad1 h5 15. Bg5 Qf8 16. b3 Nh7 17. Be3 Qe7 18. Qd2 Bd7 19. Nde2 Be6 20. Qxd6 Qxd6 21. Rxd6 Na6 22. Red1 Nb4 23. R6d2 Bf6 24. Bb6 Ng5 25. f4 Nh7 26. Na4 Nf8 27. e5 Be7 28. Nd4 Bc8 29. a3 Na6 30. c5 Nd7 31. Nxc6 bxc6 32. Rxd7 Bxd7 33. Rxd7 Nb8 34. Rc7 Kf8 35. Bxc6 Nxc6 36. Rxc6 Bd8 37. Kf2 Bxb6 38. cxb6 Rab8 39. Nc5 Red8 40. Ke3 Ke8 41. b7 1-0

[Event "BL2-Sued 9697"]
[Site "Germany"]
[Date "1997.??.??"]
[Round "?.1"]
[White "Zeller, Frank"]
[Black "Ruf, Matthias"]
[Result "1-0"]
[WhiteElo "2425"]
[BlackElo "2360"]
[PlyCount "80"]
[EventDate "1996.10.??"]
[EventType "team-tourn"]
[EventRounds "9"]
[EventCountry "GER"]
[SourceTitle "GER-chT2"]
[Source "ChessBase"]
[SourceDate "1999.07.01"]
[SourceVersion "1"]
[SourceVersionDate "1999.07.01"]
[SourceQuality "1"]
[WhiteTeam "Tuebingen"]
[BlackTeam "Sindelfingen"]
[WhiteTeamCountry "GER"]
[BlackTeamCountry "GER"]

1. d4 Nf6 2. c4 e6 3. Nc3 Bb4 4. e3 c5 5. Nge2 d6 6. a3 Ba5 7. Rb1 Nbd7 8. b4 Bc7 9. Ng3 0-0 10. Be2 a6 11. 0-0 Rb8 12. Bb2 b6 13. Qd2 Re8 14. Rbd1 cxd4 15. exd4 Nf8 16. f4 Bd7 17. a4 Qc8 18. Ba3 d5 19. c5 b5 20. axb5 axb5 21. Bd3 Bc6 22. Qe2 Qd7 23. Bc1 Ng6 24. Be3 Kh8 25. Nh5 Ne4 26. Bxe4 dxe4 27. f5 exf5 28. d5 Ba8 29. d6 Bd8 30. Qf2 Ne5 31. Qxf5 Qxf5 32. Rxf5 f6 33. Rff1 Nd3 34. Rb1 Bc6 35. Ne2 Bd5 36. Nd4 Ba2 37. Ra1 Nxb4 38. Bd2 Bf7 39. Nxg7 Kxg7 40. Bxb4 Re5 1-0

[Event "SUI-chT"]
[Site "Switzerland"]
[Date "1995.??.??"]
[Round "3"]
[White "Ballmann, Martin"]
[Black "Ruf, Matthias"]
[Result "1-0"]
[WhiteElo "2345"]
[BlackElo "2370"]
[PlyCount "85"]
[EventDate "1995.??.??"]
[EventType "team-tourn"]
[EventRounds "9"]
[EventCountry "SUI"]
[SourceTitle "CBM 049 Extra"]
[Source "ChessBase"]
[SourceDate "1996.01.01"]
[SourceVersion "1"]
[SourceVersionDate "1996.01.01"]
[SourceQuality "1"]

1. c4 e5 2. Nc3 Nf6 3. g3 d5 4. cxd5 Nxd5 5. Bg2 Nb6 6. Nf3 Nc6 7. 0-0 Be6 8. d3 Be7 9. Be3 0-0 10. Qc1 Re8 11. Rd1 Qc8 12. Ne4 Rb8 13. Nc5 Bd5 14. Qc3 Qg4 15. h3 Qh5 16. b4 Nd4 17. Nxd4 exd4 18. Bxd4 Bxg2 19. Kxg2 Nd5 20. Qa3 a5 21. e4 Nxb4 22. Qc3 Nxa2 23. Qxa5 Ra8 24. Qxc7 Rac8 25. Qa5 Ra8 26. Qd2 Bxc5 27. Bxc5 Qxc5 28. Rxa2 Rxa2 29. Qxa2 h5 30. Rb1 b6 31. Qa4 Rd8 32. Rb5 Qd4 33. Qxd4 Rxd4 34. Rb3 Kf8 35. Kf3 Ke7 36. Ke3 Rd6 37. d4 Kd7 38. d5 Kc7 39. Kd4 Rf6 40. f4 h4 41. e5 Rh6 42. g4 Rh8 43. d6+ 1-0

[Event "SUI-chT"]
[Site "Switzerland"]
[Date "1995.??.??"]
[Round "2"]
[White "Ruf, Matthias"]
[Black "Ekstroem, Roland"]
[Result "1-0"]
[WhiteElo "2370"]
[BlackElo "2435"]
[PlyCount "57"]
[EventDate "1995.??.??"]
[EventType "team-tourn"]
[EventRounds "9"]
[EventCountry "SUI"]
[SourceTitle "CBM 049 Extra"]
[Source "ChessBase"]
[SourceDate "1996.01.01"]
[SourceVersion "1"]
[SourceVersionDate "1996.01.01"]
[SourceQuality "1"]

1. d4 Nf6 2. Nf3 e6 3. Bg5 c5 4. c3 cxd4 5. cxd4 Be7 6. Nc3 0-0 7. e3 b6 8. Rc1 Bb7 9. Bd3 d6 10. 0-0 Nbd7 11. Re1 a6 12. Bb1 Re8 13. e4 e5 14. a3 h6 15. Bh4 Rc8 16. Ba2 b5 17. Qb3 Rc4 18. Nd2 exd4 19. Nxc4 Nc5 20. Qd1 bxc4 21. Qxd4 Nd3 22. Qxc4 Nxc1 23. Qxf7+ Kh8 24. Rxc1 Nxe4 25. Nxe4 Bxe4 26. Rc7 Bg6 27. Qxg6 Bf6 28. f4 Re2 29. Bxf6 1-0

[Event "SUI-chT"]
[Site "Switzerland"]
[Date "1995.??.??"]
[Round "5"]
[White "Ruf, Matthias"]
[Black "Lurje, Pawel"]
[Result "1-0"]
[WhiteElo "2370"]
[BlackElo "2215"]
[PlyCount "123"]
[EventDate "1995.??.??"]
[EventType "team-tourn"]
[EventRounds "9"]
[EventCountry "SUI"]
[SourceTitle "CBM 049 Extra"]
[Source "ChessBase"]
[SourceDate "1996.01.01"]
[SourceVersion "1"]
[SourceVersionDate "1996.01.01"]
[SourceQuality "1"]

1. d4 Nf6 2. Nf3 g6 3. Bg5 Bg7 4. Nbd2 0-0 5. e4 d5 6. Bxf6 Bxf6 7. exd5 Qxd5 8. Bc4 Qh5 9. 0-0 c5 10. Ne4 Bxd4 11. Nxd4 Qxd1 12. Raxd1 cxd4 13. Rxd4 Nc6 14. Rd2 Na5 15. Be2 Bf5 16. Ng3 Be6 17. Rfd1 Rac8 18. f3 Nc6 19. Kf1 Rc7 20. f4 Kg7 21. Kf2 Bc8 22. c4 e5 23. fxe5 Nxe5 24. Ne4 Ng4+ 25. Bxg4 Bxg4 26. Rc1 b6 27. h3 Be6 28. Nd6 a5 29. Nb5 Rc6 30. Rcd1 Kf6 31. Rd8 Rxd8 32. Rxd8 Ke7 33. Rb8 Bf5 34. Nd4 Rf6 35. Ke3 Bd7 36. Ra8 h5 37. a3 Kd6 38. b4 axb4 39. axb4 Bc6 40. Ra2 Rf1 41. Nxc6 Kxc6 42. Ra7 h4 43. Kd4 Rf4+ 44. Kc3 Rf2 45. b5+ Kd6 46. Rb7 Rxg2 47. Rxb6+ Kc7 48. Rf6 Rg3+ 49. Kd4 Rxh3 50. Rxf7+ Kc8 51. b6 Rb3 52. Kc5 Rc3 53. Rg7 h3 54. Rxg6 h2 55. Rh6 Rc2 56. Rh7 Kb8 57. Kb5 Rg2 58. c5 Kc8 59. Rh8+ Kd7 60. c6+ Kd6 61. c7 Rc2 62. Rxh2 1-0

[Event "EU-Cup 10th Group3"]
[Site "Strasbourg"]
[Date "1994.09.02"]
[Round "1"]
[White "Ruf, Matthias"]
[Black "Rogers, Ian"]
[Result "1/2-1/2"]
[WhiteElo "2370"]
[BlackElo "2560"]
[PlyCount "146"]
[EventDate "1994.09.02"]
[EventType "team-k.o."]
[EventRounds "3"]
[EventCountry "FRA"]
[SourceTitle "EXT 2020"]
[Source "ChessBase"]
[SourceDate "2019.10.17"]
[SourceVersion "1"]
[SourceVersionDate "2019.10.17"]
[SourceQuality "1"]
[WhiteTeam "Muenchen 36"]
[BlackTeam "Breda Panfox"]
[WhiteTeamCountry "GER"]
[BlackTeamCountry "NED"]

1. e4 c6 2. d4 d5 3. Nd2 dxe4 4. Nxe4 Nd7 5. Bc4 Ngf6 6. Ng3 e6 7. Nf3 c5 8. 0-0 a6 9. Re1 Nb6 10. Bd3 Be7 11. c3 cxd4 12. Nxd4 0-0 13. Bg5 Bd7 14. Qf3 Na4 15. Re2 b5 16. Rae1 Re8 17. h4 Rc8 18. h5 Rc5 19. Bxf6 Bxf6 20. Ne4 Bxd4 21. cxd4 Rf5 22. Qg4 Bc6 23. h6 g6 24. Ng3 Rd5 25. Qf3 Qh4 26. Be4 Qxh6 27. Bxd5 Bxd5 28. Qa3 Qf8 29. Qxf8+ Kxf8 30. b3 Nc3 31. Rc2 b4 32. Ne2 Nb5 33. f3 Rd8 34. Kf2 Kg7 35. Rec1 Rd7 36. Ke3 h5 37. Rc5 h4 38. Nf4 Bb7 39. R1c4 Nc3 40. Rxb4 Nd5+ 41. Nxd5 Bxd5 42. Rb6 g5 43. Rxa6 g4 44. Rc2 Kg6 45. fxg4 Kg5 46. Rb6 Rd8 47. Kf2 Kxg4 48. a4 Rg8 49. a5 Kf4 50. Kf1 Be4 51. Rf2+ Ke3 52. a6 Rc8 53. Re2+ Kf4 54. a7 Rc1+ 55. Re1 Bd3+ 56. Kf2 Rc2+ 57. Kg1 Ra2 58. Rb7 f5 59. Rxe6 h3 60. Rg7 hxg2 61. Rxg2 Rxa7 62. Rf2+ Kg5 63. Rd2 Be4 64. Rb6 Kf4 65. Rh6 Ke3 66. Rd1 Ke2 67. Rc1 Rg7+ 68. Kh2 Kf2 69. Kh3 f4 70. Rc3 Bf3 71. Rc2+ Kg1 72. Rc1+ Kf2 73. Rc2+ Kg1 1/2-1/2

[Event "Bundesliga 9394"]
[Site "Germany"]
[Date "1994.04.16"]
[Round "12.4"]
[White "Lingnau, Carsten"]
[Black "Ruf, Matthias"]
[Result "1-0"]
[WhiteElo "2395"]
[BlackElo "2395"]
[PlyCount "112"]
[EventDate "1993.11.06"]
[EventType "team-tourn"]
[EventRounds "15"]
[EventCountry "GER"]
[SourceTitle "GER-chT"]
[Source "ChessBase"]
[SourceDate "1999.07.01"]
[SourceVersion "1"]
[SourceVersionDate "1999.07.01"]
[SourceQuality "1"]
[WhiteTeam "Dortmund"]
[BlackTeam "Muenchen 36"]
[WhiteTeamCountry "GER"]
[BlackTeamCountry "GER"]

1. d4 Nf6 2. c4 e6 3. Nc3 Bb4 4. Qc2 Nc6 5. Nf3 d5 6. cxd5 exd5 7. Bg5 0-0 8. e3 Be7 9. a3 Nh5 10. Bxe7 Nxe7 11. Bd3 g6 12. h3 Ng7 13. g4 a5 14. 0-0-0 c6 15. Rdg1 b5 16. h4 Qd6 17. h5 b4 18. Nb1 Ba6 19. Bxa6 Rxa6 20. hxg6 hxg6 21. Ne5 c5 22. Rh6 Rc8 23. Rh8+ Kxh8 24. Nxf7+ Kg8 25. Nxd6 Rxd6 26. dxc5 Rdc6 27. axb4 axb4 28. Qb3 Ne6 29. Qxb4 Nxc5 30. Kd1 R6c7 31. Nc3 Rb7 32. Qa3 Nd3 33. Ke2 Nxb2 34. Rb1 Nc4 35. Qa6 Rxb1 36. Nxb1 Kf7 37. Nd2 Rc6 38. Qa2 Ne5 39. g5 Ke6 40. Qa4 Rb6 41. Qa3 N5c6 42. Qc3 Rb4 43. Nf3 Re4 44. Kf1 Kd7 45. Qg7 Kd6 46. Qf6+ Kd7 47. Ne1 Re6 48. Qf4 Re4 49. Qg3 Nf5 50. Qh3 Rh4 51. Qf3 Kd6 52. Nd3 Ne5 53. Nxe5 Kxe5 54. Qe2 Rh1+ 55. Kg2 Rb1 56. Qa6 Rb2 1-0

[Event "Bundesliga 9394"]
[Site "Germany"]
[Date "1994.03.19"]
[Round "10.4"]
[White "Hoffmann, Michael"]
[Black "Ruf, Matthias"]
[Result "1-0"]
[WhiteElo "2470"]
[BlackElo "2395"]
[PlyCount "115"]
[EventDate "1993.11.06"]
[EventType "team-tourn"]
[EventRounds "15"]
[EventCountry "GER"]
[SourceTitle "GER-chT"]
[Source "ChessBase"]
[SourceDate "1999.07.01"]
[SourceVersion "1"]
[SourceVersionDate "1999.07.01"]
[SourceQuality "1"]
[WhiteTeam "Castrop Rauxel"]
[BlackTeam "Muenchen 36"]
[WhiteTeamCountry "GER"]
[BlackTeamCountry "GER"]

1. d4 f5 2. g3 d6 3. Nf3 g6 4. Bg2 Bg7 5. 0-0 Nf6 6. Nbd2 Nc6 7. Re1 0-0 8. e4 fxe4 9. Nxe4 Nxe4 10. Rxe4 Bf5 11. Re1 Qd7 12. c3 Rab8 13. d5 Nd8 14. Nd4 Kh8 15. Qe2 Re8 16. Nxf5 Qxf5 17. h4 c6 18. Be4 Qf7 19. Qd3 cxd5 20. Bxd5 e6 21. Bg2 d5 22. Bf4 Rc8 23. Be5 Nc6 24. Bxg7+ Kxg7 25. Re2 Rcd8 26. f4 e5 27. fxe5 Rxe5 28. Rxe5 Nxe5 29. Qd4 Qf6 30. Qxa7 d4 31. Rf1 Qd6 32. Qxd4 Qxd4+ 33. cxd4 Rxd4 34. Bxb7 Rb4 35. Bd5 Rxb2 36. Rf2 Rb5 37. Rd2 Kf6 38. Kg2 Rc5 39. Bb3 h6 40. Rd6+ Kf5 41. a4 Ke4 42. Kh3 Kf5 43. Rd5 Rc3 44. Rb5 Rc1 45. a5 Rh1+ 46. Kg2 Ra1 47. Rb6 g5 48. hxg5 Kxg5 49. a6 Nd7 50. Rb7 Ne5 51. a7 Nc6 52. Rb5+ Kf6 53. Rb6 Rxa7 54. Rxc6+ Kg5 55. Bc2 Rg7 56. Rc5+ Kf6 57. Rf5+ Ke6 58. Rh5 1-0

[Event "Bundesliga 9394"]
[Site "Germany"]
[Date "1994.01.29"]
[Round "6.4"]
[White "Jasnikowski, Zbigniew"]
[Black "Ruf, Matthias"]
[Result "1-0"]
[WhiteElo "2475"]
[BlackElo "2395"]
[PlyCount "59"]
[EventDate "1993.11.06"]
[EventType "team-tourn"]
[EventRounds "15"]
[EventCountry "GER"]
[SourceTitle "GER-chT"]
[Source "ChessBase"]
[SourceDate "1999.07.01"]
[SourceVersion "1"]
[SourceVersionDate "1999.07.01"]
[SourceQuality "1"]
[WhiteTeam "Erfurt"]
[BlackTeam "Muenchen 36"]
[WhiteTeamCountry "GER"]
[BlackTeamCountry "GER"]

1. d4 Nf6 2. c4 e6 3. Nf3 Bb4+ 4. Bd2 Qe7 5. Nc3 0-0 6. Qc2 Nc6 7. a3 Bxc3 8. Bxc3 d5 9. e3 a5 10. Bd3 Bd7 11. 0-0 Rfd8 12. Ne5 Be8 13. cxd5 exd5 14. f3 h6 15. Rae1 Rd6 16. Nxc6 Rxc6 17. e4 Rb6 18. e5 Nd7 19. f4 c5 20. f5 Rc6 21. f6 gxf6 22. exf6 Qf8 23. dxc5 Qxc5+ 24. Qf2 Qxf2+ 25. Rxf2 Nc5 26. Rf3 Bd7 27. Rg3+ Kh8 28. Re5 Bg4 29. Rxg4 Nxd3 30. Rh5 1-0

[Event "Bern op"]
[Site "Bern"]
[Date "1993.??.??"]
[Round "5"]
[White "Ruf, Matthias"]
[Black "Pelletier, Yannick"]
[Result "0-1"]
[WhiteElo "2425"]
[BlackElo "2245"]
[PlyCount "142"]
[EventDate "1993.02.??"]
[EventType "swiss"]
[EventRounds "9"]
[EventCountry "SUI"]
[SourceTitle "TD"]
[Source "ChessBase"]
[SourceDate "1994.03.01"]
[SourceVersion "1"]
[SourceVersionDate "1994.03.01"]
[SourceQuality "1"]

1. d4 d5 2. Nf3 Nf6 3. c3 Bf5 4. Qb3 Qc8 5. Bg5 Nbd7 6. e3 e6 7. c4 c6 8. Nc3 Bd6 9. Rc1 0-0 10. Be2 Ne4 11. cxd5 exd5 12. Nb5 Bb8 13. Bh4 Re8 14. Qa3 Nb6 15. Nc3 Bd6 16. Qb3 Qd7 17. 0-0 Bg4 18. Qd1 Qf5 19. Bg3 Bxg3 20. hxg3 Qh5 21. Ne5 Bxe2 22. Qxe2 Qg5 23. Rfe1 Re6 24. Qf3 Rf8 25. Qf4 Qe7 26. Re2 f6 27. Nd3 g5 28. Qf5 Nd6 29. Qf3 f5 30. g4 Rh6 31. g3 Nd7 32. gxf5 Rxf5 33. Qg2 Ne4 34. f3 Nxc3 35. bxc3 Qf8 36. Rf2 Rhf6 37. Rcf1 Rf7 38. e4 dxe4 39. fxe4 Rxf2 40. Rxf2 Rxf2 41. Qxf2 Qxf2+ 42. Kxf2 h5 43. Kf3 b5 44. e5 Kf7 45. Ke4 Ke6 46. Ne1 Nf8 47. Nf3 Nh7 48. Nd2 h4 49. Nf1 Nf8 50. gxh4 gxh4 51. Nd2 h3 52. Nf3 Nh7 53. Nh2 Nf8 54. Ng4 Ng6 55. Kf3 Ne7 56. Ne3 Nf5 57. Ng4 b4 58. cxb4 Nxd4+ 59. Ke4 Nc2 60. Nh2 Nxb4 61. Nf3 Ke7 62. a4 Nc2 63. Nh2 a5 64. Kd3 Nb4+ 65. Ke4 Na6 66. Kd4 Ke6 67. Ng4 Nb4 68. Nh2 Nd5 69. Kc5 Kxe5 70. Kxc6 Ne3 71. Kc5 Ke4 0-1

[Event "Bundesliga 9293"]
[Site "Germany"]
[Date "1993.??.??"]
[Round "?.6"]
[White "Schmidt, Bodo"]
[Black "Ruf, Matthias"]
[Result "1/2-1/2"]
[WhiteElo "2340"]
[BlackElo "2425"]
[PlyCount "51"]
[EventDate "1992.10.24"]
[EventType "team-tourn"]
[EventRounds "15"]
[EventCountry "GER"]
[SourceTitle "GER-chT"]
[Source "ChessBase"]
[SourceDate "1999.07.01"]
[SourceVersion "1"]
[SourceVersionDate "1999.07.01"]
[SourceQuality "1"]
[WhiteTeam "Solingen"]
[BlackTeam "Muenchen 36"]
[WhiteTeamCountry "GER"]
[BlackTeamCountry "GER"]

1. d4 d6 2. e4 Nf6 3. Nc3 Nbd7 4. Nf3 e5 5. g3 g6 6. Bg2 Bg7 7. dxe5 dxe5 8. 0-0 0-0 9. b3 Re8 10. Bb2 b6 11. Re1 Bb7 12. a4 a6 13. Nd2 Nc5 14. Nc4 Nfd7 15. Nd5 Rb8 16. b4 Nxa4 17. Rxa4 b5 18. Bh3 Nf8 19. Ra5 bxc4 20. Rc5 Bxd5 21. Rxd5 Qe7 22. Bc3 Rb5 23. Qa1 c6 24. Rdd1 Rb6 25. Qa5 Reb8 26. Bf1 1/2-1/2

[Event "Suhr op"]
[Site "Suhr"]
[Date "1992.??.??"]
[Round "5"]
[White "Landenbergue, Claude"]
[Black "Ruf, Matthias"]
[Result "1-0"]
[WhiteElo "2410"]
[BlackElo "2395"]
[PlyCount "115"]
[EventDate "1992.??.??"]
[EventType "swiss"]
[EventRounds "9"]
[EventCountry "SUI"]
[SourceTitle "CBM 027 Extra"]
[Source "ChessBase"]
[SourceDate "1992.05.01"]
[SourceVersion "1"]
[SourceVersionDate "1992.05.01"]
[SourceQuality "1"]

1. e4 e6 2. d4 d5 3. Nc3 Bb4 4. e5 c5 5. a3 Bxc3+ 6. bxc3 Qc7 7. Nf3 Ne7 8. h4 Bd7 9. a4 Nbc6 10. h5 h6 11. Bb5 Na5 12. Be2 Rc8 13. Bd3 Nc4 14. 0-0 Qa5 15. Bxc4 dxc4 16. Ba3 Qxc3 17. Bxc5 b6 18. Bxe7 Kxe7 19. Re1 Bc6 20. Re3 Qa5 21. c3 Qd5 22. Nh4 Rhg8 23. Qc2 Rcf8 24. Rae1 Rh8 25. f4 Qd8 26. f5 Ke8 27. Nf3 Kd7 28. Qe2 Bd5 29. Nd2 Qc7 30. Rf1 Kc8 31. Rg3 Rhg8 32. Ne4 exf5 33. Nd6+ Kb8 34. Nxf5 Ka8 35. Qe3 Qd7 36. Nxg7 Qxa4 37. Qxh6 Qc2 38. Rf2 Qb1+ 39. Kh2 Rh8 40. Qf6 Rfg8 41. Rh3 Rh7 42. h6 Rgh8 43. e6 fxe6 44. Nxe6 Re8 45. Ng5 Rhh8 46. h7 a5 47. Qf5 Qxf5 48. Rxf5 Be6 49. Nxe6 Rxe6 50. Rg5 Ree8 51. Rg7 Rb8 52. g4 a4 53. g5 a3 54. Kg3 a2 55. Rh1 Rb7 56. Rxb7 Kxb7 57. g6 Ra8 58. g7 1-0

[Event "Bundesliga 9192"]
[Site "Germany"]
[Date "1992.??.??"]
[Round "?.6"]
[White "Ruf, Matthias"]
[Black "Fritsche, Lutz"]
[Result "1-0"]
[WhiteElo "2395"]
[BlackElo "2395"]
[PlyCount "80"]
[EventDate "1991.10.12"]
[EventType "team-tourn"]
[EventRounds "15"]
[EventCountry "GER"]
[SourceTitle "GER-chT"]
[Source "ChessBase"]
[SourceDate "1999.07.01"]
[SourceVersion "1"]
[SourceVersionDate "1999.07.01"]
[SourceQuality "1"]
[WhiteTeam "Muenchen 36"]
[BlackTeam "Koblenz"]
[WhiteTeamCountry "GER"]
[BlackTeamCountry "GER"]

1. g3 e5 2. c4 Nc6 3. Bg2 g6 4. Nc3 d6 5. d3 Bg7 6. e3 Be6 7. Nge2 Qd7 8. h3 Nge7 9. Nd5 0-0 10. Nec3 Nc8 11. Rb1 Nd8 12. Ne4 f6 13. b3 c6 14. Ndc3 Nf7 15. Bb2 Ne7 16. Ne2 b6 17. Qc2 d5 18. Nd2 c5 19. Rd1 Rad8 20. a3 Rfe8 21. h4 Bg4 22. Nf3 dxc4 23. bxc4 Qb7 24. e4 Qd7 25. Nc3 f5 26. 0-0 Nc6 27. Nd5 Nd4 28. Bxd4 cxd4 29. Rc1 fxe4 30. dxe4 Rc8 31. Qb3 Be6 32. Kh2 Bxd5 33. cxd5 Bh6 34. Bh3 Qxh3+ 35. Kxh3 Bxc1 36. d6 Rc3 37. d7 Rd8 38. Qe6 Rxf3 39. Rxc1 Kg7 40. Rc8 d3 1-0

[Event "Bundesliga 9192"]
[Site "Germany"]
[Date "1992.??.??"]
[Round "?.6"]
[White "Ruf, Matthias"]
[Black "Kindermann, Stefan"]
[Result "1/2-1/2"]
[WhiteElo "2395"]
[BlackElo "2505"]
[PlyCount "122"]
[EventDate "1991.10.12"]
[EventType "team-tourn"]
[EventRounds "15"]
[EventCountry "GER"]
[SourceTitle "GER-chT"]
[Source "ChessBase"]
[SourceDate "1999.07.01"]
[SourceVersion "1"]
[SourceVersionDate "1999.07.01"]
[SourceQuality "1"]
[WhiteTeam "Muenchen 36"]
[BlackTeam "Bayern Muenchen"]
[WhiteTeamCountry "GER"]
[BlackTeamCountry "GER"]

1. Nf3 Nf6 2. e3 g6 3. b4 Bg7 4. Bb2 0-0 5. c4 d6 6. d4 Nbd7 7. Qb3 b6 8. Be2 Bb7 9. 0-0 e6 10. a4 a5 11. Nc3 axb4 12. Qxb4 e5 13. dxe5 dxe5 14. Rfd1 Qc8 15. Nb5 Ne4 16. a5 Re8 17. axb6 Rxa1 18. Bxa1 cxb6 19. Qb1 Bf8 20. Bb2 f6 21. Ne1 Ndc5 22. f3 Ng5 23. Nd6 Bxd6 24. Rxd6 Re6 25. Rd1 Nf7 26. Ba3 Qc7 27. Nc2 Rd6 28. Nb4 Rxd1+ 29. Qxd1 Kg7 30. Nd5 Qd8 31. Kf2 Qa8 32. Bb4 Qd8 33. e4 Ng5 34. Qa1 Bxd5 35. cxd5 Qb8 36. Qa3 Nf7 37. Bb5 Nd6 38. Bc6 h5 39. h4 Nc4 40. Qc3 Nd6 41. Kg1 Qa7 42. Kh2 Nf7 43. Qe3 Qb8 44. Bd2 Kf8 45. Bb5 Qc7 46. Bf1 Qa7 47. Bb4 Kg7 48. Bb5 Qa8 49. Bxc5 bxc5 50. Qxc5 Qa5 51. d6 Qe1 52. d7 Qxh4+ 53. Kg1 Qe1+ 54. Bf1 Qd2 55. Qe7 h4 56. Kh2 Qf4+ 57. Kh1 Qd2 58. Qe6 Qd1 59. Kg1 Qd4+ 60. Kh2 Qf2 61. Qe7 Qd2 1/2-1/2

[Event "Bundesliga 9192"]
[Site "Germany"]
[Date "1992.??.??"]
[Round "?.6"]
[White "Ruf, Matthias"]
[Black "Loew, Gerald"]
[Result "0-1"]
[WhiteElo "2395"]
[BlackElo "2285"]
[PlyCount "74"]
[EventDate "1991.10.12"]
[EventType "team-tourn"]
[EventRounds "15"]
[EventCountry "GER"]
[SourceTitle "GER-chT"]
[Source "ChessBase"]
[SourceDate "1999.07.01"]
[SourceVersion "1"]
[SourceVersionDate "1999.07.01"]
[SourceQuality "1"]
[WhiteTeam "Muenchen 36"]
[BlackTeam "Bamberg"]
[WhiteTeamCountry "GER"]
[BlackTeamCountry "GER"]

1. Nf3 d5 2. g3 c6 3. Bg2 Bg4 4. c4 e6 5. b3 Nd7 6. Bb2 f5 7. Nd4 Kf7 8. h3 Bh5 9. cxd5 cxd5 10. Nc3 Ngf6 11. Rc1 Rc8 12. 0-0 Bd6 13. d3 a6 14. Qd2 Bg6 15. Nc2 Qe7 16. a3 Rhf8 17. b4 Kg8 18. f4 b5 19. Qe3 Rc7 20. Nd4 Bf7 21. Nb1 Rfc8 22. Nd2 Nh5 23. Rxc7 Rxc7 24. g4 fxg4 25. hxg4 Nhf6 26. Bh3 Nf8 27. N2f3 h6 28. g5 Nh5 29. Ne5 Bxe5 30. Qxe5 Ng6 31. Qe3 Nhxf4 32. Rxf4 Qxg5+ 33. Kh1 Nxf4 34. Nf3 Qg3 35. Bf1 Bh5 36. Be5 Bxf3+ 37. exf3 Rf7 0-1